000 00505cam a2200193ua 4500
001 1073
008 110427n ii |||gr||||Z||||||eng
020 _a1403-91003-0
040 _cMAIN
082 _a350.1
245 1 _aAdministrative theory. :
_ban introduction. /
_cBy Sriram Maheswari.
250 _a2nd.
260 _aNew Delhi.:
_bMcmillan.,
_c2003.
300 _a388 p.:
_c20 cm.
653 _aPolitical science.
653 _aAdministrative theory.
700 1 _aMaheswari, Sriram.,
942 _cBK
999 _c989
_d989